Geology and mineral resources of Hardin County, Tennessee (Record no. 26872)

MARC details
000 -LEADER
fixed length control field 00822cam a22002411 4500
001 - CONTROL NUMBER
control field gs 31000127
003 - CONTROL NUMBER IDENTIFIER
control field DLC
005 - DATE AND TIME OF LATEST TRANSACTION
control field 20260227111335.0
008 - FIXED-LENGTH DATA ELEMENTS--GENERAL INFORMATION
fixed length control field 770718s1931 tnuab s000 0 eng
010 ## - LIBRARY OF CONGRESS CONTROL NUMBER
LC control number gs 31000127
035 ## - SYSTEM CONTROL NUMBER
System control number (OCoLC)3121835
040 ## - CATALOGING SOURCE
Original cataloging agency DLC
Transcribing agency MsSM
Modifying agency DLC
042 ## - AUTHENTICATION CODE
Authentication code premarc
050 10 - LIBRARY OF CONGRESS CALL NUMBER
Classification number QE165
Item number .A2 no. 37
100 1# - MAIN ENTRY--PERSONAL NAME
Personal name Jewell, Willard Brownell,
Dates associated with a name 1899-
245 10 - TITLE STATEMENT
Title Geology and mineral resources of Hardin County, Tennessee
Statement of responsibility, etc. by W. B. Jewell.
260 ## - PUBLICATION, DISTRIBUTION, ETC.
Place of publication, distribution, etc. Nashville,
Date of publication, distribution, etc. 1931.
300 ## - PHYSICAL DESCRIPTION
Extent 117 p.
Other physical details incl. tables, diagrs., IX pl. (incl. front., fold. map)
Dimensions 23 cm.
410 10 - SERIES STATEMENT/ADDED ENTRY--CORPORATE NAME [OBSOLETE, CAN/MARC], [LOCAL, USA]
Corporate name or jurisdiction name as entry element Tennessee.
Subordinate unit Division of Geology.
Title of a work Bulletin.
Volume number/sequential designation no. 37.
504 ## - BIBLIOGRAPHY, ETC. NOTE
Bibliography, etc. note Bibliographical footnotes.
650 #0 - SUBJECT ADDED ENTRY--TOPICAL TERM
Topical term or geographic name entry element Geology
Geographic subdivision Tennessee
-- Hardin County
650 #0 - SUBJECT ADDED ENTRY--TOPICAL TERM
Topical term or geographic name entry element Mines and mineral resources
Geographic subdivision Tennessee
-- Hardin County

No items available.

Powered by Koha